Guess the GD level by picture: Classic Levels 2 - Statistics

General Stats
  • This quiz has been taken 121 times
  • The average score is 10 of 16
Answer Stats
Picture Answer % Correct
Nine Circles
93%
ReTraY
86%
Black Blizzard
82%
Yatagarasu
82%
Nullscapes
80%
Windy Landscape
77%
Sunshine
71%
Artificial Ascent
68%
XMas Challenge
67%
Aftermath
64%
Phobos
55%
MasterGame
44%
Collab Level
39%
Next Cab Soon
25%
Citadel
13%
Cubetapper
13%
No matching quizzes found
Score Distribution
Percent of People with Each Score
Percentile by Number Answered
Your Score History
You have not taken this quiz